00400 a2200157 4500003000400000005001700004008004100021020001800062040000900080082002000089100001900109245005000128250001200178260004200190300001000232OSt20240207132158.0240207b |||||||| |||| 00| 0 eng d a9788119289417 coclc a894.8129bPOO/H aPoonoor, Navas aHridayapakshathe Kunjhoonju /c Navas Poonoor a1st ed. aKozhikode:bLIPI Publications,c2023. a240p.